| Registos Bibliográficos associados ao registo de autoridade |
|
Etiqueta de registo: 00000nam 2200025 450 001 2246889 003 http://id.bnportugal.gov.pt/bib/catbnp/2246889 100 ## $a20260114d2025 k y0pory01030103ba 101 0# $apor$deng 102 ## $aPT 105 ## $aa m 000yy 106 ## $ar 200 1# $aAudiovisual, receção e memória$e o caso de Timor-Leste$fBráulio Roberto Rangel da Silva$gorient. Maria João Silveirinha 210 #9 $aCoimbra$c[s.n.],$d2025 215 ## $a310 p.$cil.$d30 cm 328 #1 $aTese dout. Ciências da Comunicação, Faculdade de Letras, Universidade Coimbra, 2025 675 ## $a316.77(043)$vBN$zpor$3601801 675 ## $a004.77(043)$vBN$zpor$31229690 675 ## $a94(594.9)(043)$vBN$zpor$31332192 700 #1 $aSilva,$bBráulio Roberto Rangel da$31978043 702 #1 $aSilveirinha,$bMaria João Rosa Cruz$4727$3137852 801 #0 $aPT$bBN$gRPC 966 ## $lBN$mFGMON$sS.C. 168547 V.$x1 971 ## $ccsilva$d20260114 972 ## $e0$z0$d20260313$vlrevez 973 ## $caalmeid$d20260304
|
|
|